| 000 | 00847nam a2200229Ia 4500 | ||
|---|---|---|---|
| 003 | GCL | ||
| 005 | 20240530105339.0 | ||
| 008 | 140319s9999 xx 000 0 ara d | ||
| 040 |
_aGCL / _cGCL |
||
| 082 | 0 | 4 |
_a229.7 _bم ث |
| 100 | 1 | _aمحمد خلف الله احمد | |
| 245 | 1 | 0 |
_aثلاث رسائل فى اعجاز القران : للرومانى والحطابى وعبدالقاهر الحرجانى فى الدراسات القرانية والنقد الادبى / _cمحمد خلف الله احمد |
| 260 |
_a[S.N] : _bدار المعارف ، _c1991 |
||
| 300 | _a230 ص | ||
| 490 |
_aذخائر العرب _v0 |
||
| 650 | 0 | 4 | _aفضائل القران |
| 650 | 0 | 4 | _aالقران - تفسير |
| 650 | 0 | 4 | _aالقران - بلاغة |
| 650 | 0 | 4 | _aالقران |
| 700 | 1 | _aمحمد زغلول سلام | |
| 942 |
_2ddc _cBK |
||
| 999 |
_c55158 _d55158 |
||